000 00630nam a2200205Ia 4500
001 4759
003 GE_BSU
008 181216s||||||||xx |||||||||||||| ||und||
040 _cGE_BSU
080 _a512+512.54+512.64
100 _aВарден.Вандер Б.Л.
245 _aАлгебра.
245 _cПод. ред.Ю.И. Мерзлякова Пер. с немецкого А.А. Бельского
260 _aМосква
260 _bНаука Гл. ред. физико- математической лит-ры
260 _c1976
300 _a648 с 22 см.
653 _aАлгебра
942 _cBK
999 _c38610
_d38610